Lanean...

Chrysanthemums

Xehetasun bibliografikoak
Egile nagusia: KYLE, Frank
Formatua: Printed Book
Argitaratua: london ward lock and company ltd 1958
LEADER 00390nam a22001217a 4500
082 |a 635 KYL/L 
100 |a KYLE, Frank 
245 |a Chrysanthemums 
260 |a london  |b ward lock and company ltd  |c 1958 
300 |a 192p. 
942 |2 ddc  |c BK 
999 |c 295829  |d 295829 
952 |0 0  |1 0  |4 0  |6 635_000000000000000_KYL_L  |7 0  |9 336355  |a BOT  |b BOT  |c ST1  |d 2011-05-17  |i 260  |l 0  |o 635 KYL/L  |p BOT260  |r 2013-07-02  |w 2013-07-02  |y BK